| 000 | 00635 a2200181 4500 | ||
|---|---|---|---|
| 003 | Nust | ||
| 005 | 20170207153212.0 | ||
| 040 | _cNust | ||
| 082 | _a005.1 | ||
| 100 | _aSajjad, Madiha (MSCS-12) | ||
| 245 |
_aMining calls record data to define and analyze network culture _cMadiha Sajjad |
||
| 260 |
_bMCS _c2008 |
||
| 300 | _a52p. | ||
| 505 | _aIntroduction (page-1), Literature review (page-6), Data collection and processing (page-11), Network structure and analysis (page-20), Results and analysis (page-28), Conclusion and future work (page-42). | ||
| 538 | _aAlmirah No 73 Shelf No 2 | ||
| 650 | _aMSCS Thesis | ||
| 651 | _aMSCS-12 | ||
| 942 | _cTHS | ||
| 999 |
_c181441 _d181441 |
||